Регионална библиотека "Любен Каравелов" - Русе

Отвъд Ландщрасе (Запис номер 88118)

MARC детайли
000 -Лидер
Контролно поле с фиксирана дължина 01453nam a2200313 c 4500
003 - Код на организацията, давaща контролен номер
Контролно поле BLK
005 - Дата и час на последна редакция
Контролно поле 20190624173101.0
008 - Елементи от данни с фиксирана дължина
fixed length control field 180408b bul|||||r ||||||| ||bul||
010 ## - Наследен системен номер
LC control number KNG00092774000
020 ## - Международен стандартен номер на книга ISBN
Международен стандартен номер на книга ISBN 978-954-491-561-2
-- издат.: Жанет 45 - на том(кн. 1)
040 ## - Източник на каталожния запис
Идентификатор на билиотеката - собственик на записа BLK
041 ## - Код за език
Код за езика на текст/звукозапис или на отделно заглавие Български
Код за езика КДБФ Български
080 ## - УДК
Текстов определител УДК Немска литература
УДК код - определител по УДК 821.112.2
УДК определител -31
УДК - код + определител 821.112.2-31
100 1# - Редна дума - Автор
Автор Еверт, Румен М.
Авторска отговорност първи автор
Автор - информация (биография) Еверт, Манфред
R(LIN) 66512
139 ## - Редно поле
Редна дума Еверт, Румен М.
Авторски знак Евер - Е 17
245 10 - Сведения за заглавието
Заглавие Отвъд Ландщрасе
Подзаглавни данни Трилогия : Кн. 1 -
Редно поле (дума) Румен М. Еверт; прев. от нем. Емилия Драганова.
Том Кн. 1
Заглавие на том Имигрантката
257 ## - Страна на издаване
Страна на създаване/издаване Германия
260 ## - Област на издателските данни
-- Пловдив
Година на издаване 2009 -
300 ## - Физическа характеристика
Размери/Мащаб 20 см
380 ## - Жанр
Жанр Худож. лит.
500 ## - Общи забележки
Забележка Без сведение за ориг. загл. - Румен М. Еверт е псевд. на Манфред (Фред) Еверт. - Офс. изд. Кн. 1 от трилогията Отвъд Ландщрасе.
700 1# - Други автори (авторска отговорност)
Лично име Драганова, Емилия
Автороска отговорност (Описва отношението между автора и произведението) прев. от нем.
9 (RLIN) 244402
760 1# - Описание на основната серия
-- - на том(кн. 1)
Редна дума на основното описание Еверт, Румен М.
Място на издаване, издател и година Жанет 45, 2009
Страници - том 272 с.
Заглавие Кн. 1 Имигрантката
852 ## - Местоположение
Форматна сигнатура Цб 246070
856 4# - Електронен адрес и достъп
Електронен формат pdf - файл
Път до файла /url/
856 4# - Електронен адрес и достъп
Електронен формат pdf - файл
Път до файла /url/
942 ## - АРТИКУЛИ
Вид на библиотечния материал Книги
Скрит в OPAC Не
Koha issues (borrowed), all copies 3
944 ## - СЪЗДАВАНЕ И РЕДАКЦИЯ на ЗАПИСА
Създаване/Редакция Създаване
Дата на регистрацията/редакция 24.11.2009
Статус, дата на статуса ф /
Служител, извършил регистрацията/редакцията Валя_Йорданова
944 ## - СЪЗДАВАНЕ И РЕДАКЦИЯ на ЗАПИСА
Създаване/Редакция Редакция
Дата на регистрацията/редакция 09.12.2010
Статус, дата на статуса ф /
Служител, извършил регистрацията/редакцията
999 ## - СИСТЕМНИ КОНТРОЛНИ НОМЕРА
Koha biblionumber 88118
Koha biblioitemnumber 88118
Наличности
Код за отписване Код за изгубен артикул Код за повреда Коз за рестрикции Код за отдаване Артикулен № Име на библиотеката - собственик Име на библиотеката, в която се намира в момента Статус (Текущо местоположение) Дата на вписване в системата Местоположение - отдел Цена в лева Инвентарен номер Систематично азбучна сигнатура Баркод Номер на екземпляра Цена в евро Служебна бележка Служебен тип на артикула
Изтеглен Не е изгубен Не е повреден без рестрикции заемане за дома 142714 Регионална библиотека "Любен Каравелов" Русе Регионална библиотека "Любен Каравелов" Русе Заемна - подръчен фонд 2009-11-24 Заемна - подръчен фонд 13.99 120000739937 П 830-31/Е 17 120000739937 1 7.15 Дост: Pk Вид: Ф N: 55 Дата: 19.11.2009 Дата инв: 12.02.2018 Бележки инв: П2018 Книги
  Не е изгубен Не е повреден без рестрикции ползва се в читалня 142715 Регионална библиотека "Любен Каравелов" Русе Регионална библиотека "Любен Каравелов" Русе Хранилище 2010-12-10 Хранилище 13.99 120000748039 Цб 246070 120000748039 2 7.15 Дост: Dp Вид: Д N: 15 Дата: 07.04.2010 Книги
Vip Innovations Ltd, Rousse, Bulgaria 2025